Návrh zariadení na využívanie sivej a zrážkovej vody v ubytovacom zariadení

Guardado en:
Detalles Bibliográficos
Autor principal: Nagyová, Erika, 1989- (Autor)
Otros Autores: Jánošková, Taťjana, 1960- (Orientador)
Formato: Manuscrito Libro
Lenguaje:eslovaco
Publicado: Bratislava : STU v Bratislave SvF, 2014
Materias:
Acceso en línea:VAIS
Etiquetas: Agregar Etiqueta
Sin Etiquetas, Sea el primero en etiquetar este registro!

MARC

LEADER 00000ntm a22000003a 4500
001 stu297566
005 20150617230310.1
008 140919s2014----xo------------------slo-d
040 |a STU  |b slo 
041 0 |a slo 
044 |a xo 
100 1 |a Nagyová, Erika,  |d 1989-  |4 aut  |u V  |T SvF Stavebná fakulta  |X 59089  |U V  |Y 10  |7 A000059089 
242 0 0 |a Design of equipment for using greywater and rainwater in residential building  |y eng 
245 1 |a Návrh zariadení na využívanie sivej a zrážkovej vody v ubytovacom zariadení 
260 |a Bratislava :  |b STU v Bratislave SvF,  |c 2014 
650 7 |a Building Services  |2 estusub 
650 7 |a úžitková voda  |2 stusub 
650 7 |a sivá voda  |2 stusub 
700 1 |a Jánošková, Taťjana,  |d 1960-  |4 ths  |u V290  |U SvF Stavebná fakulta  |T SvF Katedra technických zariadení budov  |X 2745  |U V290  |Y 31  |7 A000002745 
856 4 |a info a plný text  |u http://is.stuba.sk/zp/portal_zp.pl?podrobnosti=100895  |3 VAIS